000 00498nam a22001937a 4500
003 OSt
005 20140310182240.0
008 121114t xxu||||| |||| 00| 0 eng d
020 _a9780006930303
050 _aPS 3558
_b.Ak315 1988
082 _aFIC
_bAk7m 1988
100 _aAkrill, Caroline
_917225
245 _aMake me a star /
_cCaroline Akrill
260 _aLondon :
_bGrafton,
_cc1988.
300 _a107 p. :
_c18 cm.
650 _aFiction
_9746
942 _2lcc
_cBK-FIC
999 _c11117
_d11117